000 00825nam a2200241 i 4500
001 000030986
003 DO-SdBNP
005 20250205094508.0
007 ta
008 110609s1977 dr 000 0 spa d
040 _aDO-SdBNP
_bspa
_cBNPHU
_erda
082 _axxx
_bR426p
_222
110 1 _aRepública Dominicana.
_bSecretaría de Estado de Educación, Bellas Artes y Cultos
_923965
245 1 0 _aPlan de entrenamiento y capacitación masiva para 24, 873 maestros primarios en servicio.
264 1 _aSanto Domingo :
_bSecretaría de Estado de Educación, Bellas Artes y Cultos,
_c1977.
300 _a50 paginas ;
_c23 cm.
336 _atexto
_btxt
_2rdacontent
337 _asin mediación
_bn
_2rdamedia
338 _avolumen
_bnc
_2rdacarrier
590 _aInventariado, 2023 / DG
910 _aDG
942 _2ddc
_cLBS1
999 _c30478
_d30478